[Event "80. Francia ch femenino"]
[Site "Chartres FRA"]
[Date "2005.08.15"]
[Round "1.1"]
[White "Fruteau, Sabine"]
[Black "Muller, Anne"]
[Result "1/2-1/2"]
[WhiteElo "2133"]
[BlackElo "2169"]
[PlyCount "150"]
[EventDate "2005.08.15"]
[EventType "tourn"]
[EventRounds "11"]
[EventCountry "FRA"]
[Source "lmi"]
[SourceDate "2005.08.28"]

1. e4 c5 2. Nf3 d6 3. Bb5+ Nd7 4. O-O Ngf6 5. Qe2 e5 6. a4 Be7 7. d3 O-O 8. Nc3
Nb8 9. Nd1 Nc6 10. c3 h6 11. Bc4 Be6 12. Ne3 Na5 13. b4 Nxc4 14. Nxc4 cxb4 15.
cxb4 Rc8 16. Nfd2 d5 17. Nxe5 Bxb4 18. Ndf3 Bc3 19. Bb2 dxe4 20. dxe4 Qa5 21.
Bxc3 Qxc3 22. Rfe1 Rfd8 23. Qe3 Qa5 24. h3 Rc3 25. Qe2 Rc5 26. Qb2 Rdc8 27. Nd3
Rc3 28. Nf4 Rb3 29. Qe5 Qxe5 30. Nxe5 Rb4 31. Nxe6 fxe6 32. f3 Rc2 33. Nd3 Rd4
34. Red1 Kf8 35. a5 Ke7 36. Rab1 Rd7 37. Nf2 Rxd1+ 38. Nxd1 Kd6 39. Ne3 Re2 40.
Nc4+ Kc5 41. Ne5 Kd6 42. Nd3 Kc6 43. Rc1+ Kd7 44. Nc5+ Ke7 45. Nxb7 Nh5 46.
Rc7+ Kf6 47. Nc5 Nf4 48. Rxa7 Rxg2+ 49. Kf1 Ra2 50. a6 Nxh3 51. Nd7+ Kg5 52.
Nc5 Kf6 53. Ke1 Ng5 54. Rb7 Nxf3+ 55. Kd1 Nd4 56. Rb4 e5 57. Rb6+ Kg5 58. Nd3
h5 59. Nb4 Ra4 60. Kd2 h4 61. Rb7 h3 62. Rxg7+ Kh6 63. Rg3 Rxb4 64. Rxh3+ Kg5
65. Ra3 Rb8 66. Kd3 Kf4 67. Kc4 Kxe4 68. Kc5 Rb5+ 69. Kd6 Rd5+ 70. Ke7 Nc6+ 71.
Ke6 Na7 72. Ra4+ Rd4 73. Ra5 Nc6 74. a7 Nxa7 75. Rxe5+ Kd3 1/2-1/2

[Event "80. Francia ch femenino"]
[Site "Chartres FRA"]
[Date "2005.08.15"]
[Round "1.3"]
[White "Milliet, Sophie"]
[Black "Flear, Christine"]
[Result "1-0"]
[WhiteElo "2321"]
[BlackElo "2242"]
[PlyCount "37"]
[EventDate "2005.08.15"]
[EventType "tourn"]
[EventRounds "11"]
[EventCountry "FRA"]
[Source "lmi"]
[SourceDate "2005.08.28"]

1. e4 c5 2. Nf3 e6 3. d4 cxd4 4. Nxd4 a6 5. Bd3 g6 6. O-O Bg7 7. Nf3 Ne7 8. e5
Nbc6 9. Bf4 d6 10. exd6 Nd5 11. Bg3 Bxb2 12. Nbd2 f5 13. c4 Nc3 14. Qb3 Qf6 15.
Rae1 f4 16. Bh4 Qg7 17. Kh1 Nxa2 18. Qxa2 h6 19. Bxg6+ 1-0

[Event "80. Francia ch femenino"]
[Site "Chartres FRA"]
[Date "2005.08.15"]
[Round "1.4"]
[White "Wohlers-Armas, Friederike"]
[Black "Leconte, Maria"]
[Result "1/2-1/2"]
[WhiteElo "2153"]
[BlackElo "2296"]
[PlyCount "46"]
[EventDate "2005.08.15"]
[EventType "tourn"]
[EventRounds "11"]
[EventCountry "FRA"]
[Source "lmi"]
[SourceDate "2005.08.28"]

1. d4 Nf6 2. Nf3 e6 3. e3 b6 4. Bd3 Bb7 5. O-O d5 6. c3 c5 7. Nbd2 Nbd7 8. Qc2
Be7 9. Re1 h6 10. dxc5 bxc5 11. c4 dxc4 12. Nxc4 Nb6 13. Nxb6 Qxb6 14. Ne5 Qc7
15. Bb5+ Kf8 16. f4 Qa5 17. Qe2 Rd8 18. Bd3 Ne4 19. Rf1 Bf6 20. Nc4 Qc7 21. Qc2
Nd6 22. Bd2 Nxc4 23. Bxc4 Qc6 1/2-1/2

[Event "80. Francia ch femenino"]
[Site "Chartres FRA"]
[Date "2005.08.15"]
[Round "1.5"]
[White "Benmesbah, Natacha"]
[Black "Skripchenko, Almira"]
[Result "1/2-1/2"]
[WhiteElo "2127"]
[BlackElo "2437"]
[PlyCount "89"]
[EventDate "2005.08.15"]
[EventType "tourn"]
[EventRounds "11"]
[EventCountry "FRA"]
[Source "lmi"]
[SourceDate "2005.08.28"]

1. e4 g6 2. d4 Bg7 3. Nf3 d6 4. Nc3 c6 5. a4 Nf6 6. Be2 O-O 7. Be3 Nbd7 8. O-O
e5 9. dxe5 dxe5 10. Nd2 Qe7 11. Nc4 Ne8 12. Qd2 Ndf6 13. h3 Kh8 14. Rfd1 Be6
15. Nxe5 Bxh3 16. Nd3 Nxe4 17. Nxe4 Qxe4 18. gxh3 Nf6 19. Qb4 Qe6 20. Nf4 Qc8
21. Bf1 g5 22. Nd3 Nd5 23. Qd2 h6 24. Bc5 Rd8 25. Qe2 b6 26. Be3 Re8 27. Qf3
Nxe3 28. fxe3 c5 29. c3 f5 30. Bg2 Qe6 31. Rf1 Rad8 32. Rad1 Qxe3+ 33. Qxe3
Rxe3 34. Nc1 Rxd1 35. Rxd1 Re7 36. Kf2 Be5 37. Nd3 Bc7 38. Bf3 Kg7 39. Ne1 Kg6
40. Ng2 h5 41. Ne3 Be5 42. Rd8 g4 43. hxg4 hxg4 44. Bd1 Kg5 45. Ng2 1/2-1/2

[Event "80. Francia ch femenino"]
[Site "Chartres FRA"]
[Date "2005.08.15"]
[Round "1.6"]
[White "Collas, Silvia"]
[Black "Cochet, Caroline"]
[Result "1/2-1/2"]
[WhiteElo "2372"]
[BlackElo "2136"]
[PlyCount "113"]
[EventDate "2005.08.15"]
[EventType "tourn"]
[EventRounds "11"]
[EventCountry "FRA"]
[Source "lmi"]
[SourceDate "2005.08.28"]

1. e4 c5 2. Nf3 Nc6 3. d4 cxd4 4. Nxd4 g6 5. c4 Nf6 6. Nc3 d6 7. Be2 Bg7 8. Be3
O-O 9. Qd2 Bd7 10. O-O Nxd4 11. Bxd4 Bc6 12. f3 Nd7 13. Be3 a5 14. Rab1 a4 15.
Rfc1 Qa5 16. b4 axb3 17. axb3 b6 18. b4 Qa3 19. Bf1 Rfc8 20. Ne2 Qa2 21. Qxa2
Rxa2 22. Nd4 Ra3 23. Nxc6 Rxc6 24. Bf2 h5 25. Rd1 Be5 26. Bd3 Ra2 27. g3 Rc7
28. Bf1 Bg7 29. Rb3 Rb7 30. Bh3 Ne5 31. Rc1 Nc6 32. Rd1 Ra4 33. f4 Rxb4 34.
Rxb4 Nxb4 35. Rb1 Nd3 36. Rxb6 Rxb6 37. Bxb6 Nc5 38. e5 Kf8 39. Kf2 f5 40. exd6
Bd4+ 41. Ke2 exd6 42. Bg2 Ke7 43. Bd5 Bg1 44. Kf3 Bd4 45. Kg2 Bc3 46. Kf3 Bd4
47. Ba5 Nd7 48. Bd2 Bf6 49. Be3 Nc5 50. Ke2 Bc3 51. h3 Bf6 52. Kf3 Nb3 53. Bb6
Nc5 54. g4 hxg4+ 55. hxg4 Bd4 56. g5 Bb2 57. Bxc5 1/2-1/2

[Event "80. Francia ch femenino"]
[Site "Chartres FRA"]
[Date "2005.08.16"]
[Round "2.1"]
[White "Wohlers-Armas, Friederike"]
[Black "Fruteau, Sabine"]
[Result "1/2-1/2"]
[WhiteElo "2153"]
[BlackElo "2133"]
[PlyCount "21"]
[EventDate "2005.08.15"]
[EventType "tourn"]
[EventRounds "11"]
[EventCountry "FRA"]
[Source "lmi"]
[SourceDate "2005.08.28"]

1. d4 Nf6 2. Nf3 d6 3. b3 g6 4. Bb2 Bg7 5. Nbd2 O-O 6. e4 Nbd7 7. g3 c5 8. Bg2
Qc7 9. O-O Rb8 10. a4 b6 11. Re1 1/2-1/2

[Event "80. Francia ch femenino"]
[Site "Chartres FRA"]
[Date "2005.08.16"]
[Round "2.3"]
[White "Flear, Christine"]
[Black "Collas, Silvia"]
[Result "0-1"]
[WhiteElo "2242"]
[BlackElo "2372"]
[PlyCount "80"]
[EventDate "2005.08.15"]
[EventType "tourn"]
[EventRounds "11"]
[EventCountry "FRA"]
[Source "lmi"]
[SourceDate "2005.08.28"]

1. d4 Nf6 2. c4 e6 3. Nc3 Bb4 4. Qc2 c5 5. dxc5 O-O 6. a3 Bxc5 7. Nf3 b6 8. Bg5
h6 9. Bh4 Be7 10. e3 Bb7 11. Be2 Nc6 12. O-O Rc8 13. b4 a5 14. b5 Nb8 15. Rfd1
Bxf3 16. gxf3 d6 17. Bg3 Qc7 18. Qd2 Rfd8 19. h3 Ne8 20. Bd3 Nd7 21. Ne2 Nef6
22. Nd4 Nb8 23. Rdc1 Nfd7 24. Rab1 Qc5 25. Ra1 Qh5 26. Kg2 Nc5 27. Bc2 e5 28.
Nf5 Bf8 29. e4 Ne6 30. Bd1 Qg6 31. Kh2 Nd7 32. Qe3 Qh7 33. Bh4 Re8 34. Be2 g6
35. Rg1 Kh8 36. Ng3 g5 37. Nf5 gxh4 38. Rg4 Nf6 39. Rxh4 Nf4 40. Rg1 Rc5 0-1

[Event "80. Francia ch femenino"]
[Site "Chartres FRA"]
[Date "2005.08.16"]
[Round "2.4"]
[White "Leconte, Maria"]
[Black "Skripchenko, Almira"]
[Result "0-1"]
[WhiteElo "2296"]
[BlackElo "2437"]
[PlyCount "96"]
[EventDate "2005.08.15"]
[EventType "tourn"]
[EventRounds "11"]
[EventCountry "FRA"]
[Source "lmi"]
[SourceDate "2005.08.28"]

1. e4 c5 2. Nf3 Nc6 3. d4 cxd4 4. Nxd4 Nf6 5. Nc3 e5 6. Ndb5 d6 7. Bg5 a6 8.
Na3 b5 9. Bxf6 gxf6 10. Nd5 Bg7 11. Bd3 Ne7 12. Nxe7 Qxe7 13. c3 f5 14. Nc2 Qb7
15. Ne3 fxe4 16. Bc2 Be6 17. Qxd6 Rd8 18. Qb4 f5 19. Bb3 Bf8 20. Qa5 Bxb3 21.
axb3 f4 22. Ng4 Rd6 23. c4 Bg7 24. cxb5 axb5 25. Qa8+ Qxa8 26. Rxa8+ Kf7 27.
Rxh8 Bxh8 28. h3 Rd3 29. Ke2 Rxb3 30. Rb1 Bg7 31. Kd2 Rd3+ 32. Ke2 Rb3 33. Kd2
h5 34. Nh2 Bf8 35. Kc2 Rb4 36. b3 Bc5 37. Rf1 Rd4 38. Re1 Ke6 39. Nf1 Kf5 40.
Re2 Bb4 41. g3 Ba5 42. Kc1 Rd3 43. Kc2 Rc3+ 44. Kb2 Rf3 45. g4+ hxg4 46. hxg4+
Kg5 47. Nh2 Rh3 48. f3 Rxf3 0-1

[Event "80. Francia ch femenino"]
[Site "Chartres FRA"]
[Date "2005.08.16"]
[Round "2.6"]
[White "Muller, Anne"]
[Black "Martsynovskaya, Marina"]
[Result "1-0"]
[WhiteElo "2169"]
[BlackElo "2252"]
[PlyCount "183"]
[EventDate "2005.08.15"]
[EventType "tourn"]
[EventRounds "11"]
[EventCountry "FRA"]
[Source "lmi"]
[SourceDate "2005.08.28"]

1. e4 e5 2. Nf3 Nc6 3. Bb5 Bc5 4. c3 f5 5. d4 fxe4 6. Nxe5 Nxe5 7. Qh5+ Nf7 8.
Qxc5 c6 9. Be2 Nf6 10. O-O d6 11. Qa3 O-O 12. c4 d5 13. cxd5 Qxd5 14. Be3 Be6
15. Nc3 Qd7 16. Qa4 Nd6 17. Qc2 Rae8 18. Na4 Bd5 19. Nc5 Qf5 20. b4 b6 21. Na4
Ng4 22. Nc3 Nxe3 23. fxe3 Qg5 24. Rxf8+ Rxf8 25. Nxd5 cxd5 26. Qb3 b5 27. Rf1
Rxf1+ 28. Kxf1 h6 29. Qc3 Kh7 30. Kf2 Qh4+ 31. Kg1 Qg5 32. Kf2 a6 33. a4 Nc4
34. axb5 Qf6+ 35. Ke1 axb5 36. Bxc4 Qc6 37. Kf2 dxc4 38. Qc2 Kg6 39. Ke2 c3 40.
Kd1 Kf5 41. Qf2+ Ke6 42. Qf8 Qd5 43. Qc8+ Kf7 44. Qxc3 Qh5+ 45. Kc2 Qxh2 46.
Qd2 Qc7+ 47. Kb2 Ke7 48. Qf2 Ke6 49. Qf8 Qd7 50. Qc5 Qd5 51. Qc8+ Kf6 52. Qf8+
Qf7 53. Qc5 Kg6 54. Qc6+ Kf5 55. Qxb5+ Kg4 56. Qe2+ Kg3 57. b5 h5 58. Qc2 Qf5
59. Qc7+ Kxg2 60. Qxg7+ Kf2 61. Qb7 h4 62. Qc6 Kxe3 63. b6 Kxd4 64. b7 Qf2+ 65.
Kb1 Qf1+ 66. Kb2 Qe2+ 67. Ka3 Qd3+ 68. Kb4 Qb1+ 69. Ka5 Qe1+ 70. Kb6 e3 71.
b8=Q Qb1+ 72. Kc7 Qxb8+ 73. Kxb8 Kd3 74. Qd5+ Kc3 75. Qc5+ Kd3 76. Qa3+ Ke2 77.
Qb2+ Kf1 78. Qf6+ Kg2 79. Qxh4 Kf1 80. Qf4+ Ke2 81. Kc7 Kd3 82. Kc6 e2 83. Qf3+
Kd2 84. Qf2 Kd1 85. Qd4+ Kc2 86. Qe3 Kd1 87. Qd3+ Ke1 88. Kd5 Kf2 89. Qd2 Kf1
90. Qf4+ Kg2 91. Qg4+ Kf1 92. Qf3+ 1-0

[Event "80. Francia ch femenino"]
[Site "Chartres FRA"]
[Date "2005.08.17"]
[Round "3.1"]
[White "Benmesbah, Natacha"]
[Black "Flear, Christine"]
[Result "1-0"]
[WhiteElo "2127"]
[BlackElo "2242"]
[PlyCount "74"]
[EventDate "2005.08.15"]
[EventType "tourn"]
[EventRounds "11"]
[EventCountry "FRA"]
[Source "lmi"]
[SourceDate "2005.08.28"]

1. e4 c5 2. Nf3 a6 3. b3 d6 4. Bb2 e5 5. Bd3 Nc6 6. c3 Nf6 7. O-O Be7 8. Bc2
Bg4 9. h3 Bxf3 10. Qxf3 O-O 11. Rd1 Qc7 12. Na3 b5 13. Rac1 Rac8 14. Bb1 Qb7
15. Nc2 Na5 16. Ne3 c4 17. b4 Nc6 18. d3 cxd3 19. a3 Nb8 20. Bxd3 Rfd8 21. c4
bxc4 22. Nxc4 Ne8 23. Bb1 Nc6 24. Ba2 Bf6 25. Ne3 Nd4 26. Bxd4 exd4 27. Bd5 Qa7
28. Ng4 Rxc1 29. Rxc1 Bg5 30. Rc6 Nf6 31. Nxf6+ Bxf6 32. Qd3 a5 33. b5 a4 34.
Qc4 Qa5 35. g3 Qc3 36. Qxc3 dxc3 37. b6 Rd7 1-0

[Event "80. Francia ch femenino"]
[Site "Chartres FRA"]
[Date "2005.08.17"]
[Round "3.2"]
[White "Fruteau, Sabine"]
[Black "Leconte, Maria"]
[Result "0-1"]
[WhiteElo "2133"]
[BlackElo "2296"]
[PlyCount "96"]
[EventDate "2005.08.15"]
[EventType "tourn"]
[EventRounds "11"]
[EventCountry "FRA"]
[Source "lmi"]
[SourceDate "2005.08.28"]

1. e4 e6 2. d4 d5 3. exd5 exd5 4. Nf3 Bd6 5. c4 c6 6. Nc3 Ne7 7. Bd3 Nd7 8.
cxd5 cxd5 9. O-O h6 10. Qb3 Qb6 11. Qxb6 Nxb6 12. Nb5 Bb8 13. Bd2 Nc6 14. Rfe1+
Be6 15. a4 a6 16. a5 Nd7 17. Nc3 O-O 18. Na4 Ba7 19. Bc3 Bg4 20. Be2 Nf6 21.
Ne5 Nxe5 22. dxe5 Bxe2 23. exf6 Rfe8 24. fxg7 d4 25. Bd2 Kxg7 26. Rac1 Bb5 27.
Nb6 Rad8 28. f3 d3 29. Kf2 Kg6 30. Rxe8 Rxe8 31. Be3 Bb8 32. g3 Be5 33. b3 Rd8
34. Nc4 Bxc4 35. bxc4 d2 36. Rd1 Bc3 37. Ke2 Bxa5 38. Bxd2 Bxd2 39. Rxd2 Rxd2+
40. Kxd2 Kf5 41. Kd3 a5 42. c5 Ke5 43. Kc4 a4 44. Kb4 Kd5 45. g4 a3 46. Kxa3
Kxc5 47. f4 Kd5 48. g5 hxg5 0-1

[Event "80. Francia ch femenino"]
[Site "Chartres FRA"]
[Date "2005.08.17"]
[Round "3.3"]
[White "Collas, Silvia"]
[Black "Lallemand, Roza"]
[Result "1-0"]
[WhiteElo "2372"]
[BlackElo "2287"]
[PlyCount "67"]
[EventDate "2005.08.15"]
[EventType "tourn"]
[EventRounds "11"]
[EventCountry "FRA"]
[Source "lmi"]
[SourceDate "2005.08.28"]

1. Nf3 Nf6 2. c4 g6 3. Nc3 Bg7 4. e4 d6 5. d4 O-O 6. Be2 e5 7. O-O Nc6 8. d5
Ne7 9. b4 a5 10. bxa5 Rxa5 11. Nd2 c5 12. a4 Ra6 13. Nb5 Nd7 14. Bb2 f5 15. f4
exf4 16. Bxg7 Kxg7 17. Rxf4 g5 18. Rf1 f4 19. Bg4 Ne5 20. Bxc8 Qxc8 21. Ra3 g4
22. Qa1 N7g6 23. Rb3 Rf7 24. Nc3 Qd8 25. Qb1 Ra7 26. Rb6 f3 27. g3 Qg5 28. Rf2
Qe3 29. Qb2 Qxf2+ 30. Kxf2 Nd3+ 31. Kf1 Nxb2 32. Rxb2 Ne5 33. Nb5 Rd7 34. Nxa7
1-0

[Event "80. Francia ch femenino"]
[Site "Chartres FRA"]
[Date "2005.08.17"]
[Round "3.4"]
[White "Skripchenko, Almira"]
[Black "Cochet, Caroline"]
[Result "1-0"]
[WhiteElo "2437"]
[BlackElo "2136"]
[PlyCount "37"]
[EventDate "2005.08.15"]
[EventType "tourn"]
[EventRounds "11"]
[EventCountry "FRA"]
[Source "lmi"]
[SourceDate "2005.08.28"]

1. e4 c5 2. Nf3 g6 3. d4 cxd4 4. Qxd4 Nf6 5. Nc3 Nc6 6. Qa4 d6 7. e5 dxe5 8.
Nxe5 Bd7 9. Nxd7 Qxd7 10. Be3 Bg7 11. Be2 O-O 12. Rd1 Qf5 13. O-O Rfd8 14. Bf3
a6 15. Bxc6 bxc6 16. Qxc6 Qxc2 17. Nd5 Qxb2 18. Nxe7+ Kh8 19. Bd4 1-0

[Event "80. Francia ch femenino"]
[Site "Chartres FRA"]
[Date "2005.08.17"]
[Round "3.5"]
[White "Martsynovskaya, Marina"]
[Black "Wohlers-Armas, Friederike"]
[Result "1-0"]
[WhiteElo "2252"]
[BlackElo "2153"]
[PlyCount "63"]
[EventDate "2005.08.15"]
[EventType "tourn"]
[EventRounds "11"]
[EventCountry "FRA"]
[Source "lmi"]
[SourceDate "2005.08.28"]

1. e4 d6 2. d4 g6 3. Nf3 Bg7 4. Be2 Nf6 5. Nc3 O-O 6. O-O Nbd7 7. e5 Ne8 8. Bf4
c6 9. Qd2 dxe5 10. dxe5 Qa5 11. e6 fxe6 12. Bc4 Nb6 13. Bb3 Qf5 14. Bg3 Nd5 15.
Rfe1 Nxc3 16. bxc3 Qc5 17. Nd4 Kh8 18. Bxe6 Qa3 19. Bxc8 Rxc8 20. Ne6 Nf6 21.
Nxf8 Rxf8 22. Be5 Qa5 23. Qg5 Qa4 24. Bd4 Qxc2 25. Rxe7 Nh5 26. Bxg7+ Nxg7 27.
Qe3 Qb2 28. Re1 Qxa2 29. Qd4 Qg8 30. Rxb7 Rf7 31. Rxf7 Qxf7 32. Qd8+ 1-0

[Event "80. Francia ch femenino"]
[Site "Chartres FRA"]
[Date "2005.08.17"]
[Round "3.6"]
[White "Milliet, Sophie"]
[Black "Muller, Anne"]
[Result "1/2-1/2"]
[WhiteElo "2321"]
[BlackElo "2169"]
[PlyCount "131"]
[EventDate "2005.08.15"]
[EventType "tourn"]
[EventRounds "11"]
[EventCountry "FRA"]
[Source "lmi"]
[SourceDate "2005.08.28"]

1. e4 c5 2. Nf3 d6 3. d4 cxd4 4. Nxd4 Nf6 5. Nc3 Nc6 6. Bc4 Qb6 7. Nxc6 bxc6 8.
O-O g6 9. e5 dxe5 10. Qe2 Qd4 11. Be3 Qd6 12. Rad1 Qc7 13. Bc5 Bg7 14. f4 e4
15. Nxe4 Nxe4 16. Qxe4 Bf5 17. Qe2 h5 18. Rde1 Bf6 19. Bd3 Bxd3 20. Qxd3 Rd8
21. Qe3 Rd7 22. c3 a6 23. f5 g5 24. Qe2 Qb7 25. a4 Kf8 26. Rf3 Kg7 27. Re3 Rd5
28. Bxe7 Rxf5 29. Bxf6+ Rxf6 30. Re5 Qb6+ 31. Kh1 Rg6 32. Rf5 Rf8 33. a5 Qb3
34. Qd2 f6 35. Rc5 f5 36. Rxc6 Rxc6 37. Qd7+ Rf7 38. Qxc6 Qxb2 39. Qc5 Qd2 40.
Qe5+ Kg6 41. Rb1 Qd3 42. Rb6+ Kh7 43. h3 Rd7 44. Rb8 Qd1+ 45. Kh2 Qd6 46. Qxd6
Rxd6 47. Rb7+ Kh8 48. Rb6 Rd3 49. c4 Rc3 50. Rxa6 Rxc4 51. Rg6 Ra4 52. a6 g4
53. hxg4 hxg4 54. Kg3 Kh7 55. Rb6 Kg7 56. Kh4 Ra2 57. Kg5 Kf7 58. Kxf5 Rf2+ 59.
Kxg4 Rxg2+ 60. Kf5 Ke7 61. Rh6 Rg8 62. Ke5 Kd7 63. Kd5 Kc7 64. Rc6+ Kb8 65. Kc5
Ka7 66. Kb5 1/2-1/2

[Event "80. Francia ch femenino"]
[Site "Chartres FRA"]
[Date "2005.08.18"]
[Round "4.1"]
[White "Flear, Christine"]
[Black "Skripchenko, Almira"]
[Result "0-1"]
[WhiteElo "2242"]
[BlackElo "2437"]
[PlyCount "86"]
[EventDate "2005.08.15"]
[EventType "tourn"]
[EventRounds "11"]
[EventCountry "FRA"]
[Source "lmi"]
[SourceDate "2005.08.28"]

1. d4 Nf6 2. Nf3 e6 3. g3 c5 4. Bg2 Qa5+ 5. c3 cxd4 6. Nxd4 Nc6 7. O-O d5 8. c4
Qb6 9. Nxc6 bxc6 10. Nc3 Be7 11. cxd5 cxd5 12. e4 Ba6 13. Re1 Bc5 14. Be3 Bxe3
15. Rxe3 d4 16. Na4 Qd8 17. Re1 e5 18. Nc5 Bb5 19. a4 Bd7 20. f4 Bg4 21. Qd2
Nd7 22. Nxd7 Qxd7 23. Bf1 O-O 24. fxe5 Rad8 25. Ra3 Qe6 26. Qf4 h6 27. Rd3 Rd7
28. Rd2 Rfd8 29. Rc1 d3 30. Rc3 Be2 31. Qf5 Qb6+ 32. Qf2 Qa6 33. b3 Qa5 34. Qc5
Qa6 35. Qe3 Qa5 36. Qc5 Qa6 37. Qc6 Qa5 38. e6 fxe6 39. Qxe6+ Kh8 40. Qc4 Qg5
41. Rxe2 dxe2 42. Bxe2 Rd4 43. Qc6 Qd2 0-1

[Event "80. Francia ch femenino"]
[Site "Chartres FRA"]
[Date "2005.08.18"]
[Round "4.2"]
[White "Lallemand, Roza"]
[Black "Benmesbah, Natacha"]
[Result "1-0"]
[WhiteElo "2287"]
[BlackElo "2127"]
[PlyCount "63"]
[EventDate "2005.08.15"]
[EventType "tourn"]
[EventRounds "11"]
[EventCountry "FRA"]
[Source "lmi"]
[SourceDate "2005.08.28"]

1. e4 c5 2. Nf3 d6 3. d4 cxd4 4. Nxd4 Nf6 5. Nc3 g6 6. Be2 Bg7 7. O-O O-O 8.
Bg5 Nc6 9. Nb3 a6 10. a4 Be6 11. Kh1 Rc8 12. f4 Na5 13. Nxa5 Qxa5 14. Bd3 Qb6
15. Rb1 Rfe8 16. f5 Bc4 17. Qe1 gxf5 18. Rxf5 Be6 19. Bxf6 exf6 20. Rf1 Qc5 21.
Qg3 Qe5 22. Qf3 Qg5 23. Rbe1 Bg4 24. Qg3 Re5 25. Nd5 Rce8 26. h4 Qh5 27. Nf4
Qh6 28. Qxg4 f5 29. Qg3 fxe4 30. Bc4 Kh8 31. Nh3 Bf6 32. Qf4 1-0

[Event "80. Francia ch femenino"]
[Site "Chartres FRA"]
[Date "2005.08.18"]
[Round "4.3"]
[White "Leconte, Maria"]
[Black "Cochet, Caroline"]
[Result "1-0"]
[WhiteElo "2296"]
[BlackElo "2136"]
[PlyCount "55"]
[EventDate "2005.08.15"]
[EventType "tourn"]
[EventRounds "11"]
[EventCountry "FRA"]
[Source "lmi"]
[SourceDate "2005.08.28"]

1. e4 c5 2. Nf3 Nc6 3. d4 cxd4 4. Nxd4 g6 5. Nc3 Bg7 6. Nb3 Nf6 7. Be2 d6 8.
Be3 O-O 9. f4 Be6 10. O-O Rc8 11. Bf3 a6 12. Nd5 Bxd5 13. exd5 Na5 14. Nxa5
Qxa5 15. c3 b5 16. Qd2 Nd7 17. Rfe1 Qc7 18. Bf2 Rfe8 19. Bg4 Rb8 20. h4 Nb6 21.
h5 Nc4 22. Qc2 b4 23. cxb4 Bxb2 24. Rab1 Rxb4 25. hxg6 hxg6 26. f5 g5 27. Re4
Reb8 28. Be2 1-0

[Event "80. Francia ch femenino"]
[Site "Chartres FRA"]
[Date "2005.08.18"]
[Round "4.4"]
[White "Fruteau, Sabine"]
[Black "Martsynovskaya, Marina"]
[Result "1/2-1/2"]
[WhiteElo "2133"]
[BlackElo "2252"]
[PlyCount "88"]
[EventDate "2005.08.15"]
[EventType "tourn"]
[EventRounds "11"]
[EventCountry "FRA"]
[Source "lmi"]
[SourceDate "2005.08.28"]

1. e4 e5 2. Nf3 Nc6 3. Be2 Nf6 4. d3 d5 5. Nbd2 Be7 6. O-O O-O 7. c3 Re8 8. a3
h6 9. b4 a6 10. Bb2 Bf8 11. Re1 Bg4 12. Qc2 Qd7 13. Nf1 d4 14. h3 Bxf3 15. Bxf3
dxc3 16. Bxc3 a5 17. bxa5 Nxa5 18. Rec1 Nc6 19. Qb2 Ra7 20. Ne3 Qxd3 21. Rd1
Qa6 22. a4 Bc5 23. Nd5 Nxd5 24. Rxd5 Qb6 25. Bg4 Nd4 26. Qa2 c6 27. Rd7 Re7 28.
Rb1 Rxa4 29. Rxb6 Rxa2 30. Rxe7 Bxb6 31. Rxb7 Rc2 32. Bb4 Bc5 33. Rb8+ Kh7 34.
Ba5 Ne2+ 35. Kf1 Nf4 36. Be1 Bd4 37. g3 Nd3 38. Be2 Nc1 39. Ba6 c5 40. Rc8 Na2
41. Bd3 Rc1 42. Ke2 Kg6 43. Rc6+ f6 44. Rc7 Nc3+ 1/2-1/2

[Event "80. Francia ch femenino"]
[Site "Chartres FRA"]
[Date "2005.08.18"]
[Round "4.5"]
[White "Wohlers-Armas, Friederike"]
[Black "Milliet, Sophie"]
[Result "0-1"]
[WhiteElo "2153"]
[BlackElo "2321"]
[PlyCount "138"]
[EventDate "2005.08.15"]
[EventType "tourn"]
[EventRounds "11"]
[EventCountry "FRA"]
[Source "lmi"]
[SourceDate "2005.08.28"]

1. d4 Nf6 2. Nf3 c5 3. dxc5 Qa5+ 4. c3 Qxc5 5. Be3 Qc7 6. g3 Nc6 7. Bg2 e6 8.
O-O Be7 9. c4 d6 10. Nc3 O-O 11. Rc1 Bd7 12. Bf4 Ne5 13. c5 Qb8 14. Nxe5 dxe5
15. Bg5 Rd8 16. Ne4 Bc6 17. Qc2 Nxe4 18. Bxe7 Rd2 19. Qc4 Rd4 20. Qc2 Qe8 21.
Bd6 Nxd6 22. Bxc6 Qxc6 23. cxd6 Qxd6 24. Qc7 Qxc7 25. Rxc7 Rb8 26. Rfc1 Kf8 27.
R1c2 Ke8 28. Kg2 Rd7 29. Kf3 Rbd8 30. Rxd7 Kxd7 31. h4 Rc8 32. Rd2+ Ke7 33. e3
h5 34. Ke4 Rc4+ 35. Kf3 e4+ 36. Kg2 f5 37. Re2 b5 38. b3 Rc1 39. Rb2 a5 40. Rd2
Ra1 41. Kh3 a4 42. bxa4 bxa4 43. Rc2 Kd6 44. Kg2 Kd5 45. Kh3 Rb1 46. Kg2 g6 47.
Kh2 Rb4 48. Kg2 Rb1 49. Kh2 Rb4 50. Kg2 Rc4 51. Rb2 Kc5 52. Kf1 Rc1+ 53. Kg2
Kc4 54. a3 Kd3 55. Rb6 Rc3 56. Rxe6 Rxa3 57. Rxg6 Rb3 58. Rf6 Rb5 59. Ra6 Rb4
60. Ra5 Kc4 61. Rxf5 Rb5 62. Rf8 a3 63. Ra8 Kb3 64. g4 hxg4 65. Kg3 a2 66. Kxg4
Rb4 67. Rxa2 Kxa2 68. h5 Kb3 69. h6 Kc4 0-1

[Event "80. Francia ch femenino"]
[Site "Chartres FRA"]
[Date "2005.08.18"]
[Round "4.6"]
[White "Muller, Anne"]
[Black "Collas, Silvia"]
[Result "1-0"]
[WhiteElo "2169"]
[BlackElo "2372"]
[PlyCount "65"]
[EventDate "2005.08.15"]
[EventType "tourn"]
[EventRounds "11"]
[EventCountry "FRA"]
[Source "lmi"]
[SourceDate "2005.08.28"]

1. e4 c5 2. Nf3 e6 3. d4 cxd4 4. Nxd4 Nf6 5. Nc3 d6 6. Be2 a6 7. a4 Nc6 8. O-O
Be7 9. Be3 O-O 10. Kh1 Qc7 11. f4 Re8 12. Bd3 Nb4 13. Nf3 e5 14. fxe5 dxe5 15.
a5 Bc5 16. Bg5 Ng4 17. Qe2 Nxd3 18. cxd3 h6 19. Bh4 Qd6 20. h3 Nf6 21. Nd2 Nh7
22. Nc4 Qg6 23. Nd5 Rb8 24. b4 Bd4 25. Ne7+ Rxe7 26. Bxe7 b5 27. axb6 Bxa1 28.
Rxa1 f6 29. Bd6 Ra8 30. Na5 Qf7 31. Rc1 Qd7 32. Qa2+ Kh8 33. Qd5 1-0

[Event "80. Francia ch femenino"]
[Site "Chartres FRA"]
[Date "2005.08.19"]
[Round "5.1"]
[White "Skripchenko, Almira"]
[Black "Lallemand, Roza"]
[Result "1/2-1/2"]
[WhiteElo "2437"]
[BlackElo "2287"]
[PlyCount "121"]
[EventDate "2005.08.15"]
[EventType "tourn"]
[EventRounds "11"]
[EventCountry "FRA"]
[Source "lmi"]
[SourceDate "2005.08.28"]

1. e4 g6 2. d4 Bg7 3. Nf3 d6 4. Bc4 Nf6 5. Qe2 O-O 6. e5 dxe5 7. dxe5 Nd5 8. h3
c6 9. O-O b5 10. Bb3 Nd7 11. Re1 Nc5 12. Bxd5 Qxd5 13. Nc3 Qd8 14. Ne4 Ne6 15.
Ng3 Bb7 16. Qe4 Qc7 17. Qh4 h5 18. Ng5 Nxg5 19. Bxg5 f6 20. exf6 exf6 21. Bf4
Qf7 22. Bd6 Rfe8 23. Bc5 f5 24. c3 Qd5 25. Re7 Qxc5 26. Rxb7 Rab8 27. Rd7 f4
28. Qxf4 Rf8 29. Ne4 Rxf4 30. Nxc5 Rf7 31. Rad1 Rbf8 32. Ne6 Re8 33. Rxf7 Kxf7
34. Rd7+ Kxe6 35. Rxg7 Kf6 36. Rxa7 Re1+ 37. Kh2 Re2 38. Ra6 Rxf2 39. Rxc6+ Kg7
40. Rb6 Rxb2 41. a4 Rb3 42. axb5 Rxc3 43. Rc6 Rb3 44. b6 h4 45. Rc7+ Kh6 46. b7
Rb1 47. g4 hxg3+ 48. Kxg3 Kg5 49. Kf3 Kf5 50. Ke3 Ke5 51. Kd3 g5 52. Rg7 Kd6
53. Ke4 Rb3 54. Rxg5 Rxb7 55. Rg6+ Kc5 56. Kf5 Kd5 57. h4 Rb1 58. Rg5 Kd6 59.
Kg6 Ke7 60. Re5+ Kd6 61. Ra5 1/2-1/2